Statistics for FC Barcelona Squad by Pictures

Click here to take the quiz!

General Stats

  • This quiz has been taken 17 times
  • The average score is 17 of 21

Answer Stats

Answer% Correct
Robert Lewandowski
100%
Gavi
94%
João Félix
94%
Alejandro Balde
88%
İlkay Gündogan
88%
Marc-André ter Stegen
88%
Pedri
88%
Ronald Araújo
88%
Frenkie de Jong
81%
João Cancelo
81%
Jules Koundé
81%
Raphinha
81%
Andreas Christensen
75%
Ferran Torres
75%
Oriol Romeu
75%
Sergi Roberto
75%
Fermín López
69%
Marcos Alonso
69%
Iñaki Peña
63%
Vitor Roque
63%
Iñigo Martínez
56%

Score Distribution

Percentile by Number Answered

Percent of People with Each Score

Your Score History

You have not taken this quiz